| 000 | 00638nam a2200265Ia 4500 | ||
|---|---|---|---|
| 005 | 20260121165824.0 | ||
| 008 | 008 260114s9999 xx 000 0 eng d | ||
| 020 | _a9783319271118 | ||
| 037 | _aEBOOK | ||
| 040 | _aCRL | ||
| 040 | _beng | ||
| 040 | _cCRL | ||
| 041 | _2eng | ||
| 041 | _aeng | ||
| 084 | _qCRL | ||
| 100 |
_aKazuhiko Nakatani, Yitzhak Tor _91056460 |
||
| 245 | 0 | _aModified Nucleic Acids | |
| 260 | _bSpringer | ||
| 260 | _bSpringer | ||
| 260 | _c2016 | ||
| 856 | _uhttps://link.springer.com/openurl?genre=book&isbn=978-3-319-27111-8 | ||
| 942 | _cEBOOK | ||
| 999 |
_c1622188 _d1622188 |
||